Bayerische Regierungsbezirke und Regierungssitze - Statistiken

Allgemein
  • Dieses Quiz wurde 281 mal gespielt
  • Das Durchschnittsergebnis liegt bei 12 aus 14
Antwortstatistiken
Antwort % Korrekt
Oberbayern
96%
Oberfranken
96%
München
95%
Niederbayern
95%
Unterfranken
93%
Mittelfranken
92%
Schwaben
90%
Oberpfalz
87%
Regensburg
86%
Augsburg
84%
Würzburg
84%
Landshut
81%
Bayreuth
77%
Ansbach
71%
Keine übereinstimmenden Quizze gefunden
Verteilung der Resultate
Anzahl Personen mit jedem Resultat
Perzentil nach korrekt beantworteten Fragen
Ihre Resultats-Entwicklung
Sie haben dieses Quiz noch nicht gespielt